| 000 | 00436nam a2200193Ia 4500 | ||
|---|---|---|---|
| 005 | 20240823054240.0 | ||
| 008 | 240823s9999||||xx |||||||||||||| ||und|| | ||
| 020 | _a978-93-82607-46-5 | ||
| 041 | _aENGLISH | ||
| 082 | _A39822 Q3 | ||
| 100 | _aHoward Pyle | ||
| 245 | 4 | _aThe merry Adventures of Robin Hood | |
| 250 | _a1st | ||
| 260 |
_c2013 _bOm |
||
| 500 | _aYES | ||
| 650 |
_aNovel _bEnglish |
||
| 942 | _cBK | ||
| 999 |
_c226017 _d226017 |
||